000 00353nam a2200157Ia 4500
008 210210b1920 xxu||||| |||| 00| 0 eng d
041 _aeng
082 _a444/115
100 _aDE GIRARDIN (Mme
245 _aLe Lorgnon
260 _aLondon
_bMacmillan & Co. Ltd.
_c1920
650 _aLorgnon
650 _aLe
690 _aFrench
906 _a006310
999 _c129330
_d129330